[Event "IECG QE.2004.0.00069"]
[Site "IECG email"]
[Date "2004.05.27"]
[Round "?"]
[White "Carmona, Jose"]
[Black "Sanchez Fernandez, Javier"]
[Result "0-1"]
[WhiteElo "1300"]
[BlackElo "1387"]
[PlyCount "40"]
[EventDate "2004.05.27"]
[EventType "tourn (corr)"]
[EventRounds "6"]
[SourceTitle "Corr 2024"]
[Source "ChessBase"]
[SourceDate "2023.10.19"]
[SourceVersion "1"]
[SourceVersionDate "2023.10.19"]
[SourceQuality "1"]

1. d4 Nf6 2. c4 e6 3. Nc3 Bb4 4. a3 Bxc3+ 5. bxc3 d5 6. e3 c6 7. Bd3 0-0 8. Ne2 Nbd7 9. Ng3 Qa5 10. Qc2 Qc7 11. 0-0 b6 12. cxd5 cxd5 13. e4 dxe4 14. Nxe4 Bb7 15. Nxf6+ Nxf6 16. h3 Qc6 17. f3 h6 18. Re1 Rfd8 19. Qd2 Rac8 20. Bb2 b5 0-1

[Event "IECG QE.2004.0.00069"]
[Site "IECG email"]
[Date "2004.05.27"]
[Round "?"]
[White "Carmona, Jose"]
[Black "Sullivan, Bob"]
[Result "0-1"]
[WhiteElo "1300"]
[BlackElo "1369"]
[PlyCount "44"]
[EventDate "2004.05.27"]
[EventType "tourn (corr)"]
[EventRounds "6"]
[SourceTitle "Corr 2024"]
[Source "ChessBase"]
[SourceDate "2023.10.19"]
[SourceVersion "1"]
[SourceVersionDate "2023.10.19"]
[SourceQuality "1"]

1. d4 d5 2. c4 c6 3. Nf3 Nf6 4. Nc3 g6 5. Qc2 Bg7 6. e4 dxe4 7. Nxe4 Bf5 8. Nxf6+ Bxf6 9. Bd3 Bxd3 10. Qxd3 c5 11. Bh6 cxd4 12. 0-0 Nc6 13. a3 Ne5 14. Nxe5 Bxe5 15. f4 Bf6 16. Rae1 Qb6 17. b4 a6 18. Rf3 0-0-0 19. Bg5 Rhe8 20. Bxf6 exf6 21. Rxe8 Rxe8 22. Kf2 Qe6 0-1

[Event "IECG QE.2004.0.00069"]
[Site "IECG email"]
[Date "2004.05.27"]
[Round "?"]
[White "Sanchez Fernandez, Francisco Javier"]
[Black "Carmona, Jose"]
[Result "1-0"]
[WhiteElo "1387"]
[BlackElo "1300"]
[PlyCount "41"]
[EventDate "2004.05.27"]
[EventType "tourn (corr)"]
[EventRounds "6"]
[SourceTitle "Corr 2008"]
[Source "ChessBase"]
[SourceDate "2008.06.24"]
[SourceVersion "1"]
[SourceVersionDate "2008.06.24"]
[SourceQuality "1"]

1. c4 e5 2. Nc3 Nf6 3. Nf3 e4 4. Ng5 Qe7 5. Qc2 d6 6. Ngxe4 Nxe4 7. Qxe4 Qxe4 8. Nxe4 Be6 9. e3 Nd7 10. d4 d5 11. cxd5 Bxd5 12. Nd2 Bb4 13. a3 Bxd2+ 14. Bxd2 0-0 15. f3 c6 16. Bd3 f5 17. 0-0 Nb6 18. Rac1 Rae8 19. Kf2 Re7 20. Bb4 Ref7 21. Bxf8 1-0